<?xml version="1.0" encoding="UTF-8"?><?xml-stylesheet type="text/xsl" href="static/style.xsl"?><OAI-PMH xmlns="http://www.openarchives.org/OAI/2.0/" xmlns:xsi="http://www.w3.org/2001/XMLSchema-instance" xsi:schemaLocation="http://www.openarchives.org/OAI/2.0/ http://www.openarchives.org/OAI/2.0/OAI-PMH.xsd"><responseDate>2026-06-01T14:57:02Z</responseDate><request verb="GetRecord" identifier="oai:riuma.uma.es:10630/25386" metadataPrefix="marc">https://riuma.uma.es/rest/oai/request</request><GetRecord><record><header><identifier>oai:riuma.uma.es:10630/25386</identifier><datestamp>2026-02-03T12:05:30Z</datestamp><setSpec>com_10630_2254</setSpec><setSpec>col_10630_37959</setSpec></header><metadata><record xmlns="http://www.loc.gov/MARC21/slim" xmlns:dcterms="http://purl.org/dc/terms/" xmlns:doc="http://www.lyncode.com/xoai" xmlns:xsi="http://www.w3.org/2001/XMLSchema-instance" xsi:schemaLocation="http://www.loc.gov/MARC21/slim http://www.loc.gov/standards/marcxml/schema/MARC21slim.xsd">
   <leader>00925njm 22002777a 4500</leader>
   <datafield ind2=" " ind1=" " tag="042">
      <subfield code="a">dc</subfield>
   </datafield>
   <datafield ind2=" " ind1=" " tag="720">
      <subfield code="a">Gutiérrez Barranquero, José Antonio</subfield>
      <subfield code="e">author</subfield>
   </datafield>
   <datafield ind2=" " ind1=" " tag="720">
      <subfield code="a">Heredia-Ponce, Zaira</subfield>
      <subfield code="e">author</subfield>
   </datafield>
   <datafield ind2=" " ind1=" " tag="720">
      <subfield code="a">Santamaría-Hernando, Saray</subfield>
      <subfield code="e">author</subfield>
   </datafield>
   <datafield ind2=" " ind1=" " tag="720">
      <subfield code="a">López-Solanilla, Emilia</subfield>
      <subfield code="e">author</subfield>
   </datafield>
   <datafield ind2=" " ind1=" " tag="720">
      <subfield code="a">Cazorla-López, Francisco Manuel</subfield>
      <subfield code="e">author</subfield>
   </datafield>
   <datafield ind2=" " ind1=" " tag="720">
      <subfield code="a">De-Vicente-Moreno, Antonio</subfield>
      <subfield code="e">author</subfield>
   </datafield>
   <datafield ind2=" " ind1=" " tag="260">
      <subfield code="c">2022</subfield>
   </datafield>
   <datafield ind2=" " ind1=" " tag="520">
      <subfield code="a">Las biopelículas bacterianas están formadas por agregados celulares embebidos en una matriz&#xd;
extracelular de producción propia, formada principalmente por exopolisacáridos (EPS), proteínas&#xd;
y ADN extracelular. Existen datos recientes que sugieren que entre el 40-80% de las bacterias&#xd;
se encuentran formando biopelículas en la naturaleza, y que la formación de las biopelículas&#xd;
se ve afectada por factores ambientales. Pseudomonas syringae pv. syringae (Pss) es una&#xd;
bacteria fitopatógena causante de la necrosis apical del mango (NAM), enfermedad limitante&#xd;
de la producción de este cultivo en la región mediterránea. En Pss se ha descrito una conexión&#xd;
entre factores ambientales y la incidencia y severidad de la NAM, jugando los EPS celulosa y&#xd;
uno tipo-Psl, un papel relevante en la transición entre un estilo de vida epífito o patogénico. En&#xd;
este trabajo, se ha analizado el papel de algunos factores ambientales relevantes como son la&#xd;
luz y la temperatura en la formación de la biopelícula in vitro en una colección de cepas de Pss&#xd;
aisladas de mango. Los resultados obtenidos sugieren que la temperatura y particularmente la&#xd;
luz pueden influir en la formación de las biopelículas a través de la biosíntesis de los EPS, principalmente&#xd;
celulosa. Además, también se ha observado como niveles más bajos de producción&#xd;
de celulosa podrían estar asociados con una mayor virulencia. Estos resultados indican que los&#xd;
EPS, y principalmente celulosa juegan un papel clave en la ecología de Pss sobre la planta de&#xd;
mango a través de la formación de la biopelícula.</subfield>
   </datafield>
   <datafield ind1="8" ind2=" " tag="024">
      <subfield code="a">Gutiérrez-Barranquero et al., 2022. Los factores ambientales, luz y temperatura, modifican la formación de la biopelícula en Pseudomonas syringae pv. syringae. Póster  140, Libro de resúmenes del XX congreso nacional SEF, pg. 258</subfield>
   </datafield>
   <datafield ind1="8" ind2=" " tag="024">
      <subfield code="a">https://hdl.handle.net/10630/25386</subfield>
   </datafield>
   <datafield tag="653" ind2=" " ind1=" ">
      <subfield code="a">Plantas - Enfermedades y plagas</subfield>
   </datafield>
   <datafield ind2="0" ind1="0" tag="245">
      <subfield code="a">Los factores ambientales, luz y temperatura, modifican la formación de la biopelícula en Pseudomonas syringae pv. syringae.</subfield>
   </datafield>
</record>
</metadata></record></GetRecord></OAI-PMH>